| 000 | 00483nam a22001817a 4500 | ||
|---|---|---|---|
| 003 | CEME | ||
| 005 | 20210628204120.0 | ||
| 008 | 210105b xxu||||| |||| 00| 0 eng d | ||
| 020 | _a9788131512623 | ||
| 040 | _cceme | ||
| 082 | _a532 CRU | ||
| 100 |
_aCruise, James.F, Mohsen M. Sherif, Singh, Vijay.P _968804 |
||
| 245 | _aHydraulics | ||
| 260 |
_aNEW DELHI _bCENGAGE LEARNING _c2009 |
||
| 300 | _a519P | ||
| 650 |
_aHYDRAULICS.HYDRAULIC ENGINEERING. _968805 |
||
| 942 |
_cBK _2ddc |
||
| 999 |
_c576267 _d576267 |
||